00288nam a2200121 a 45000010005000000030003000050050017000080080041000250500019000660820019000851000019001042450043001234140MO20250510125944.0090218s19uu xx 00 eng d aFicbRo79 2003 aFicbRo79 2003 aRowling, J. K. aHarry Potter and the order of phoenix.